Public administration / (Record no. 17789)

MARC details
000 -LEADER
fixed length control field 00683nam a22002177a 4500
005 - DATE AND TIME OF LATEST TRANSACTION
control field 20081020150744.0
008 - FIXED-LENGTH DATA ELEMENTS--GENERAL INFORMATION
fixed length control field 081020t xxu||||| |||| 00| 0 eng d
010 ## - LIBRARY OF CONGRESS CONTROL NUMBER
LC control number ENG-84483
020 ## - INTERNATIONAL STANDARD BOOK NUMBER
International Standard Book Number 8178841991
020 ## - INTERNATIONAL STANDARD BOOK NUMBER
Terms of availability 600.00 (hb)
035 ## - SYSTEM CONTROL NUMBER
System control number EN-68016
082 ## - DEWEY DECIMAL CLASSIFICATION NUMBER
Classification number 350 / ALI
100 ## - MAIN ENTRY--PERSONAL NAME
Personal name Ali Ashraf
245 ## - TITLE STATEMENT
Title Public administration /
Statement of responsibility, etc by Ali Ashraf
260 ## - PUBLICATION, DISTRIBUTION, ETC. (IMPRINT)
Place of publication, distribution, etc New Delhi
Name of publisher, distributor, etc Cyber Tech Publications
260 ## - PUBLICATION, DISTRIBUTION, ETC. (IMPRINT)
Date of publication, distribution, etc 2006
300 ## - PHYSICAL DESCRIPTION
Extent 353p
Dimensions 22cm
500 ## - GENERAL NOTE
General note Includes bibliographical references
942 ## - ADDED ENTRY ELEMENTS (KOHA)
Source of classification or shelving scheme Dewey Decimal Classification
Koha item type English Books
Classification part 350
Call number suffix ALI
Holdings
Withdrawn status Lost status Source of classification or shelving scheme Damaged status Not for loan Home library Current library Date acquired Cost, normal purchase price Total Checkouts Full call number Barcode Date last seen Copy number Cost, replacement price Price effective from Koha item type
    Dewey Decimal Classification   Not For Loan D.B.Act.Division D.B.Act.Division 08/03/2007 600.00   350 ALI EN-68016 04/11/2008 1 600.00 04/11/2008 English Books

© Delhi Public Library
Hit Counter
free hit counter